| 000 | 00437nam a22001817a 4500 | ||
|---|---|---|---|
| 003 | MPLRDC | ||
| 005 | 20220104114530.0 | ||
| 008 | 210129b ||||| |||| 00| 0 eng d | ||
| 020 | _a7-5354-0010-8 | ||
| 082 | _a782.868 LZC-2 | ||
| 100 | _a童恩翼 | ||
| 245 |
_a李自成之死 _c |
||
| 250 | _a一版一刷 | ||
| 260 |
_a _b长江文艺出版社 _c1987 |
||
| 300 | _b平 | ||
| 650 | _a李自成传记 | ||
| 942 |
_cBK _o782.868 LZC-2 |
||
| 999 |
_c8215 _d8205 |
||